000 00498nam a2200169Ia 4500
008 090201s9999 xx 000 0 und d
010 _aKPL-62791
040 _bमराठी
041 _aमराठी
082 _a18124
_b62791
100 _a गुलजार
245 _aरावीपार
_c गुलजार
260 _c2004
_bमेहता पब्लिशिंग हाऊस
300 _a193
_bमोठा
600 _aरावीपार
942 _cBOOK
999 _c218035
_d218035